00903ntm a2200217 a 450000100060000000300080000600500170001400800410003103500190007204000350009104100080012608200300013410000250016424502020018926000640039130000460045550200720050150400310057365000430060470000380064776445BD-RjUL20211209082838.0191205s2015 bg a|||| bm|| 00| 0 eng d a(BD-RjUL)76666 aBD-RjULbengcBD-RjULdBD-RjUL aeng 223a584.4095492bBHR 20151 aBhattacharjee, Bakul10aRapid development of In Vitro Germination, Micropropagation and Antimicrobial activities of Indigenous Orchid Species in Bangldesh / cby Bakul Bhattacharjee ;6Supervisor: S. M. Shahinul Islam  aRajshahi :bInstitute of Biological Sciences, R. U. ,c2015 axvii,, 208, [2] leaves :bIll. ;c30 cm. aThesis (Ph. D.) -- Institute of Biological Sciences, R. U. , 2015 aReferences: Leaves 176-209 aOrchids zBangladeshxIdentification.  aIslam, S. M. Shahinul, Supervisor